000 00826nas a2200253 4500
001 BR9603181
003 BR-BrBNA
005 20231205095755.0
007 ta
008 230509b bl.|||p| |||| 00| 00por d
040 _aBR-BrBNA
_bpor
_cBiblioteca Nacional de Agricultura
041 _a(Pt)
072 _aK70
100 1 _aBatista, A.C.
100 1 _aSoares, R.V.
245 1 _aRelacoes entre a altura de carbonizacao da casca das arvores e algumas variacoes do comportamento do fogo em uma queima controlada em povoamento de Pinus taeda
500 _aPublished 1995
650 _aPinheiro
650 _aIncendio Florestal
650 _aQueimada
773 0 _tFloresta (Brazil)
_xISSN 0015-3826
_g(Jul-Dec 1993), v. 23(1-2) p. 47-53
_wBR9603181
909 _a202311
_bLúcia
_c55
_dLúcia Elande
942 _2AGRIS
_n0
_cANA
999 _c152637
_d152637